Statistiques concernant Culture Générale - Série 643

Cliquez ici pour prendre le quiz!

Statistiques générales

  • Ce quiz a été pris 145 fois
  • Le résultat moyen est 5 sur 10

Statistiques - réponses

QuestionRéponse% Correct
Dans quel pays se trouve la province de Liège ?Belgique
97%
Combien de chefs du gouvernement compte une pentarchie ?5
88%
Complétez ce titre d'un roman de Harriet Beecher-Stowe : "La Case de l'oncle...Tom
79%
Quel a été le premier roman de Françoise Sagan, publié en 1954 ?Bonjour tristesse
54%
De quelle région française, étaient originaires les marchands de charbon, et débitants de boissons appelés : "bougnats" ?Auvergne
50%
En 1969, dans quelle série de dessin animé les téléspectateurs français ont-ils découvert les terribles Satanas et Diabolo ?Les Fous du volant
48%
En 1977, dans quel magazine les Bidochon apparaissent-ils pour la première fois ?Fluide Glacial
35%
A la fin des années 70, à quel groupe britannique doit-on le tube "Sultans of Swing" ?Dire Straits
30%
Dans le conte musical "Pierre et le Loup" de Sergueï Prokofiev, quel malheureux personnage est représenté par le hautbois ?canard
18%
De quelle pièce de Shakespeare est extraite la phrase suivante: "Un cheval ! Mon royaume pour un cheval !" ?Richard III
16%

Distribution des résultats

Percentile par nombre de réponses

% des personnes avec chaque résultat

Votre développement - résultats

Vous n’avez pas pris ce quiz